Normal view
MARC view
- Choy, Tuck Onn,
Entry Personal Name
001 - CONTROL NUMBER
- control field: 7771
003 - CONTROL NUMBER IDENTIFIER
- control field: OSt
005 - DATE AND TIME OF LATEST TRANSACTION
- control field: 20170524125542.0
008 - FIXED-LENGTH DATA ELEMENTS
- fixed length control field: 170524|| aca||aabn | a|a d
040 ## - CATALOGING SOURCE
- Original cataloging agency: OSt
- Transcribing agency: OSt
100 ## - HEADING--PERSONAL NAME
- Personal name: Choy, Tuck Onn,
- Dates associated with a name: 1960-
670 ## - SOURCE DATA FOUND
- Source citation: Work cat.: (OSt)0: Choy, Tuck Onn, 1960-, Easy steps to public speaking /, 2007

PORTAL AKMAL
E-MEL JKDM
AKMAL2U
G-BAM
u-PUSTAKA